Top 10 Strongest Passports - Statistics

General Stats
  • This quiz has been taken 63 times
  • The average score is 25 of 30
Answer Stats
Countries (no visa) Answer % Correct
193 Japan
98%
188 (tie) Sweden
98%
185 (tie) Canada
96%
187 (tie) France
96%
189 (tie) Italy`
96%
189 (tie) Finland
95%
186 (tie) Norway
95%
187 (tie) UK
95%
186 (tie) United States
93%
186 (tie) Switzerland
91%
190 (tie) Germany
89%
188 (tie) Netherlands
89%
192 (tie) South Korea
89%
190 (tie) Spain
89%
187 (tie) Portugal
88%
184 (tie) Poland
86%
186 (tie) Belgium
84%
188 (tie) Denmark
84%
192 (tie) Singapore
84%
185 (tie) Australia
82%
188 (tie) Austria
82%
185 (tie) Greece
82%
187 (tie) Ireland
82%
189 (tie) Luxembourg
82%
186 (tie) New Zealand
81%
186 (tie) Czech Republic
72%
184 (tie) Hungary
72%
183 (tie) Slovakia
67%
185 (tie) Malta
53%
183 (tie) Lithuania
51%
No matching quizzes found
Score Distribution
Percent of People with Each Score
Percentile by Number Answered
Your Score History
You have not taken this quiz